LEADER 02681oas 22011893n 450 001 9910135751003321 005 20250922213015.0 011 $a2833-5619 035 $a(OCoLC)560242985 035 $a(CONSER) 2022201300 035 $a(CKB)954925390259 035 $a(EXLCZ)99954925390259 100 $a20100318a19489999 uy a 101 0 $aeng 135 $aurbn||||||abp 135 $aurbn||||||ada 181 $ctxt$2rdacontent 182 $cc$2rdamedia 183 $acr$2rdacarrier 200 00$aChild welfare 210 $a[New York] $cChild Welfare League of America 215 $a1 online resource (volumes) $cillustrations 300 $aRefereed/Peer-reviewed 311 08$a0009-4021 531 0 $aChild welf. 606 $aChild welfare$zUnited States$vPeriodicals 606 $aChild Welfare 606 $aEnfants$xProtection, assistance, etc$vPe?riodiques 606 $aChild welfare$2fast$3(OCoLC)fst00854709 607 $aUnited States$2fast$1https://id.oclc.org/worldcat/entity/E39PBJtxgQXMWqmjMjjwXRHgrq 608 $aPeriodical. 608 $aPeriodicals.$2fast 615 0$aChild welfare 615 2$aChild Welfare. 615 6$aEnfants$xProtection, assistance, etc. 615 7$aChild welfare. 676 $a362 712 02$aChild Welfare League of America 801 0$bOCLCE 801 1$bOCLCE 801 2$bOCLCQ 801 2$bOCLCO 801 2$bOCLCQ 801 2$bOCLCF 801 2$bUCILW 801 2$bOCLCS 801 2$bOHI 801 2$bCO3 801 2$bOCLCO 801 2$bOCLCQ 801 2$bOCLCO 801 2$bOCLCQ 801 2$bAUD 801 2$bDYJ 801 2$bZ5A 801 2$bVT2 801 2$bWT2 801 2$bZAC 801 2$bOCLCQ 801 2$bOCLCO 801 2$bOCLCA 801 2$bBUF 801 2$bU3W 801 2$bBRL 801 2$bUOK 801 2$bMOW 801 2$bNTG 801 2$bOCLCQ 801 2$bTOF 801 2$bWYU 801 2$bOCLCQ 801 2$bOCLCO 801 2$bUHL 801 2$bOCLCA 801 2$bUKSSU 801 2$bUK7LJ 801 2$bFUG 801 2$bEQF 801 2$bHS0 801 2$bUWK 801 2$bSXB 801 2$bS2H 801 2$bEUN 801 2$bOCLCQ 801 2$bORE 801 2$bOCLCQ 801 2$bJSTOR 801 2$bIOY 801 2$bOCLCO 801 2$bDLC 801 2$bOCLCQ 801 2$bEZC 801 2$bOCLCQ 801 2$bUEJ 801 2$bCUS 801 2$bOCLCL 801 2$bYWR 801 2$bOCLCL 906 $aJOURNAL 912 $a9910135751003321 996 $aChild welfare$92186547 997 $aUNINA